000 00578nam a2200229Ia 4500
003 OSt
005 20220924143949.0
006 a|||||r|||| 00| 0
007 ta
008 220923b |||||||| |||| 00| 0 urd d
024 _a311430
037 _cTextual
040 _aARTS
_cARTS
_burd
041 _2urd
_aurd
082 _aO168,1:gw,M, D5
100 _aKhan Almi Ahmad
_9216932
245 0 _aTazkirah taur-e-kaleem
260 _c1905
650 _aURDU POETRY
942 _hO168,1:gw,M, D5
_cTEXL
_2CC
999 _c455931
_d455931